| 000 | 00536nam a2200169Ia 4500 | ||
|---|---|---|---|
| 999 |
_c22583 _d22583 |
||
| 082 | _aRF 0007 | ||
| 100 | _aFarooqui, Neelo | ||
| 245 | 0 |
_aUrban sanitation and rehabilitation of scavengers in India: _ba comparative study of Uttar Pradesh and Bihar |
|
| 260 |
_c0 _bIndian Council of Social Science Research, New Delhi |
||
| 300 | _av.p | ||
| 504 | _aincludes appendices and bibliography | ||
| 650 | _aRagpickers | ||
| 650 | _aScavengers//Rarpickers | ||
| 650 | _aRehabilitation | ||
| 650 | _aSanitation Workers | ||
| 942 |
_cRP _2ddc |
||